[Event "2015 British Chess Championships: Championship"]
[Site "University of Warwick, Coventry, Warwickshire"]
[Date "2015.08.05"]
[Round "9"]
[Board "24"]
[White "Burnett, Jim"]
[Black "Beckett, Chris J"]
[Result "1-0"]
[WhiteElo "2091"]
[BlackElo "2160"]
[PlyCount "37"]
[EventDate "2015.07.27"]
[EventRounds "11"]
[EventCountry "ENG"]

1. d4 e6 2. Nf3 Nf6 3. c4 Bb4+ 4. Bd2 a5 5. Nc3 b6 6. g3 Ba6 7. b3 d5 8. cxd5
exd5 9. Bg2 O-O 10. O-O Re8 11. Ne5 c5 12. a3 Bxa3 13. Bg5 cxd4 14. Nxf7 Kxf7
15. Bxf6 Qxf6 16. Rxa3 Bb7 17. Nb5 Na6 18. Nxd4 Nc5 19. b4 1-0

[Event "2015 British Chess Championships: Championship"]
[Site "University of Warwick, Coventry, Warwickshire"]
[Date "2015.08.05"]
[Round "9"]
[Board "25"]
[White "Pleasants, Allan J"]
[Black "Jarmany, John"]
[Result "1/2-1/2"]
[WhiteElo "2120"]
[BlackElo "2036"]
[PlyCount "159"]
[EventDate "2015.07.27"]
[EventRounds "11"]
[EventCountry "ENG"]

1. e4 c6 2. d4 d5 3. Nc3 dxe4 4. Nxe4 Bf5 5. Ng3 Bg6 6. h4 h6 7. h5 Bh7 8. Nf3
Nd7 9. Bd3 Bxd3 10. Qxd3 e6 11. Bf4 Qa5+ 12. Bd2 Bb4 13. c3 Be7 14. Qe2 Ngf6
15. Ne5 Nxe5 16. dxe5 Nd7 17. f4 O-O-O 18. O-O g6 19. b4 Qc7 20. Ne4 gxh5 21.
Be3 h4 22. Rfd1 Nb6 23. c4 Rhg8 24. c5 Nd5 25. Nd6+ Kb8 26. Rxd5 exd5 27. Qh5
Rg7 28. Rf1 Rdg8 29. Rf2 h3 30. Nf5 Rxg2+ 31. Rxg2 Rxg2+ 32. Kh1 Bf8 33. Qxh3
Rg6 34. Nh4 Rg8 35. Bd4 Qe7 36. f5 Qg5 37. Nf3 Qf4 38. e6 Rg3 39. Qxg3 Qxg3 40.
Be5+ Qxe5 41. Nxe5 fxe6 42. f6 Kc7 43. Ng6 Kd7 44. Nxf8+ Ke8 45. Nxe6 Kf7 46.
Nd8+ Kxf6 47. Nxb7 d4 48. Kg2 Ke5 49. Nd6 h5 50. Kf3 h4 51. Ne4 Kd5 52. Nd2 a6
53. a4 d3 54. Kg4 Kd4 55. Kxh4 Kc3 56. b5 axb5 57. axb5 Kxd2 58. bxc6 Kc1 59.
c7 d2 60. c8=Q d1=Q 61. Qf5 Qh1+ 62. Kg5 Qc6 63. Qe5 Kc2 64. Qd6 Qg2+ 65. Kf6
Qf3+ 66. Ke7 Qe4+ 67. Kd7 Qb7+ 68. Kd8 Qa8+ 69. Ke7 Qe4+ 70. Qe6 Qb7+ 71. Kf6
Qb2+ 72. Qe5 Qb7 73. Qe6 Qb2+ 74. Kf7 Qb7+ 75. Qe7 Qf3+ 76. Ke6 Qc6+ 77. Qd6
Qe4+ 78. Kd7 Qb7+ 79. Qc7 Qd5+ 80. Qd6 1/2-1/2

[Event "2015 British Chess Championships: Championship"]
[Site "University of Warwick, Coventry, Warwickshire"]
[Date "2015.08.05"]
[Round "9"]
[Board "26"]
[White "Zhu, Richard"]
[Black "Zhang, Anthony Y"]
[Result "1/2-1/2"]
[WhiteElo "1869"]
[BlackElo "2109"]
[PlyCount "88"]
[EventDate "2015.07.27"]
[EventRounds "11"]
[EventCountry "ENG"]

1. Nf3 Nf6 2. g3 d5 3. Bg2 c6 4. O-O g6 5. c4 Bg7 6. d4 dxc4 7. Na3 b5 8. Ne5
Nd5 9. b3 cxb3 10. e4 Nb6 11. axb3 O-O 12. Be3 Bb7 13. Qc2 N6d7 14. Nd3 e5 15.
dxe5 Nxe5 16. Nc5 Bc8 17. h3 Na6 18. Rad1 Qa5 19. Nxa6 Bxa6 20. Nb1 Rfd8 21. f4
Nd7 22. Qxc6 Rac8 23. b4 Qa1 24. Qd5 Qa4 25. e5 Bf8 26. e6 Nf6 27. exf7+ Kg7
28. Qf3 Kxf7 29. f5 g5 30. Rxd8 Rxd8 31. Bxg5 Qxb4 32. Bxf6 Kxf6 33. Nc3 Qd4+
34. Kh2 Rd7 35. Qc6+ Kg7 36. Rf4 Qd6 37. Qf3 Bb7 38. Qg4+ Kh8 39. Ne4 Bxe4 40.
Rxe4 Re7 41. Rd4 Qf6 42. Qf4 Re5 43. Be4 Re8 44. Bg2 b4 1/2-1/2

[Event "2015 British Chess Championships: Championship"]
[Site "University of Warwick, Coventry, Warwickshire"]
[Date "2015.08.05"]
[Round "9"]
[Board "27"]
[White "Paterson, Andrew I"]
[Black "Villiers, Thomas"]
[Result "0-1"]
[WhiteElo "2039"]
[BlackElo "2097"]
[PlyCount "68"]
[EventDate "2015.07.27"]
[EventRounds "11"]
[EventCountry "ENG"]

1. e4 Nf6 2. e5 Nd5 3. d4 d6 4. Nf3 dxe5 5. Nxe5 c6 6. Bc4 Nd7 7. Nf3 g6 8. O-O
Bg7 9. h3 O-O 10. Re1 N7b6 11. Bb3 Nc7 12. c4 Be6 13. Na3 a5 14. Be3 Ra6 15.
Qe2 a4 16. Bc2 Nc8 17. Rad1 Nd6 18. Bd3 Bf5 19. Nc2 Bxd3 20. Qxd3 Nf5 21. Bf4
c5 22. Qa3 cxd4 23. g4 Nd6 24. Nfxd4 e5 25. Nb5 Ndxb5 26. cxb5 Nxb5 27. Qb4 Qc7
28. Bxe5 Bxe5 29. Qxb5 Bh2+ 30. Kh1 Qxc2 31. Qxb7 Rf6 32. Rc1 Qxf2 33. Rf1 Qd2
34. Rxf6 Be5 0-1

[Event "2015 British Chess Championships: Championship"]
[Site "University of Warwick, Coventry, Warwickshire"]
[Date "2015.08.05"]
[Round "9"]
[Board "28"]
[White "Shepherd, Katherine M"]
[Black "Graham, David B"]
[Result "1/2-1/2"]
[WhiteElo "1864"]
[BlackElo "2162"]
[PlyCount "53"]
[EventDate "2015.07.27"]
[EventRounds "11"]
[EventCountry "ENG"]

1. d4 Nf6 2. c4 g6 3. Nc3 Bg7 4. e4 d6 5. Bg5 O-O 6. Qd2 c5 7. d5 Qa5 8. Bd3 a6
9. f3 Nbd7 10. Nd1 Qxd2+ 11. Kxd2 Ne5 12. a4 b6 13. Ne2 e6 14. Ne3 Bd7 15. Nc3
h6 16. Bh4 g5 17. Be1 Nh5 18. Be2 Nf4 19. g3 Nxe2 20. Kxe2 Ng6 21. dxe6 fxe6
22. Rd1 Bd4 23. b3 Bc6 24. Nc2 e5 25. Ne3 Ne7 26. h4 Kg7 27. Bd2 1/2-1/2

[Event "2015 British Chess Championships: Championship"]
[Site "University of Warwick, Coventry, Warwickshire"]
[Date "2015.08.05"]
[Round "9"]
[Board "29"]
[White "Slade, Theodore"]
[Black "Waters, Clive L"]
[Result "1/2-1/2"]
[WhiteElo "1962"]
[BlackElo "2147"]
[PlyCount "54"]
[EventDate "2015.07.27"]
[EventRounds "11"]
[EventCountry "ENG"]

1. e4 e5 2. Nf3 d6 3. d4 exd4 4. Nxd4 Nf6 5. Nc3 Be7 6. Bc4 O-O 7. O-O Nxe4 8.
Nxe4 d5 9. Bd3 dxe4 10. Bxe4 Bf6 11. Nb5 Qxd1 12. Rxd1 Na6 13. Bf4 c6 14. Nd6
Nc5 15. Nxc8 Nxe4 16. Nd6 Nxd6 17. Bxd6 Rfe8 18. Kf1 g6 19. c3 Re6 20. Bc5 b6
21. Be3 Kf8 22. Rd7 Ke8 23. Rb7 Re7 24. Rxe7+ Kxe7 25. Re1 Kd7 26. Rd1+ Ke6 27.
Ke2 Ke5 1/2-1/2

[Event "2015 British Chess Championships: Championship"]
[Site "University of Warwick, Coventry, Warwickshire"]
[Date "2015.08.05"]
[Round "9"]
[Board "30"]
[White "Menadue, Jeremy F S"]
[Black "Ilett, Raymond J"]
[Result "0-1"]
[WhiteElo "2042"]
[BlackElo "1886"]
[PlyCount "118"]
[EventDate "2015.07.27"]
[EventRounds "11"]
[EventCountry "ENG"]

1. Nf3 Nf6 2. c4 e6 3. Nc3 d5 4. d4 Bb4 5. g3 O-O 6. Bg2 Nbd7 7. cxd5 exd5 8.
O-O c6 9. Qc2 Re8 10. Bg5 h6 11. Bf4 Qe7 12. Rfe1 Ne4 13. a3 Bxc3 14. bxc3 g5
15. Bc1 Qf6 16. Rf1 Nb6 17. Ne1 Bf5 18. Nd3 Qe6 19. Re1 Qg6 20. Rf1 Nc4 21. a4
Re6 22. g4 Bxg4 23. f3 Nf6 24. fxg4 Nxg4 25. Bh3 Qe4 26. Bg2 Qxg2+ 27. Kxg2
Nge3+ 28. Bxe3 Nxe3+ 29. Kf3 Nxc2 30. Rac1 Rf6+ 31. Kg3 Rxf1 32. Rxf1 Ne3 33.
Rf3 Nc4 34. h4 Kg7 35. hxg5 hxg5 36. Kg4 f6 37. Nc5 Re8 38. Rf2 Kg6 39. Nxb7
f5+ 40. Kg3 Re3+ 41. Kh2 g4 42. Rg2 Rh3+ 43. Kg1 Ne3 44. Rh2 Rg3+ 45. Kf2 f4
46. Nd8 Nd1+ 47. Ke1 Rg1+ 48. Kd2 Ne3 49. c4 Nxc4+ 50. Kc2 Ne3+ 51. Kb2 f3 52.
Nxc6 Rg2 53. Ne5+ Kg7 54. Rh5 Nc4+ 55. Nxc4 dxc4 56. Kc3 f2 57. Rf5 g3 58. d5
Rg1 59. d6 f1=Q 0-1

[Event "2015 British Chess Championships: Championship"]
[Site "University of Warwick, Coventry, Warwickshire"]
[Date "2015.08.05"]
[Round "9"]
[Board "31"]
[White "Fryer, David W"]
[Black "Eagleton, Greg T"]
[Result "1-0"]
[WhiteElo "1951"]
[BlackElo "1994"]
[PlyCount "85"]
[EventDate "2015.07.27"]
[EventRounds "11"]
[EventCountry "ENG"]

1. e4 c5 2. Nc3 Nc6 3. g3 g6 4. Bg2 Bg7 5. d3 d6 6. Be3 e5 7. Nge2 Nge7 8. O-O
Nd4 9. Nc1 Be6 10. N3e2 O-O 11. c3 Nxe2+ 12. Nxe2 b6 13. f4 Rc8 14. h3 f5 15.
Qd2 Qc7 16. Rac1 Rcd8 17. c4 fxe4 18. dxe4 Nc6 19. g4 Nd4 20. f5 Bc8 21. Ng3
Ba6 22. Bg5 Rb8 23. h4 b5 24. h5 bxc4 25. fxg6 hxg6 26. Rc3 Rxf1+ 27. Bxf1 Qf7
28. Bg2 Bc8 29. hxg6 Qxg6 30. Nf5 Qe6 31. Qf2 Nxf5 32. exf5 Qd7 33. Bd5+ Kf8
34. Be6 Qa4 35. Qd2 Qc6 36. Bh6 Rb7 37. Bxc8 Qxc8 38. Qxd6+ Kg8 39. Qd5+ Kf8
40. Qd6+ Kg8 41. Qd5+ Kf8 42. Rh3 Qc7 43. f6 1-0

[Event "2015 British Chess Championships: Championship"]
[Site "University of Warwick, Coventry, Warwickshire"]
[Date "2015.08.05"]
[Round "9"]
[Board "32"]
[White "Willow, Jonah B"]
[Black "Peacock, Malcolm R"]
[Result "0-1"]
[WhiteElo "1918"]
[BlackElo "2123"]
[PlyCount "28"]
[EventDate "2015.07.27"]
[EventRounds "11"]
[EventCountry "ENG"]

1. e4 e6 2. d4 d5 3. Nc3 Bb4 4. e5 c5 5. a3 Bxc3+ 6. bxc3 Qc7 7. Qg4 f6 8. Qg3
cxd4 9. cxd4 fxe5 10. dxe5 Ne7 11. Bf4 O-O 12. Nh3 Ng6 13. Be3 Qc3+ 14. Ke2
Qxa1 0-1

[Event "2015 British Chess Championships: Championship"]
[Site "University of Warwick, Coventry, Warwickshire"]
[Date "2015.08.05"]
[Round "9"]
[Board "33"]
[White "Ashworth, Michael"]
[Black "Wager, John D"]
[Result "1/2-1/2"]
[WhiteElo "1912"]
[BlackElo "2117"]
[PlyCount "81"]
[EventDate "2015.07.27"]
[EventRounds "11"]
[EventCountry "ENG"]

1. d4 d5 2. c4 c6 3. Nf3 Nf6 4. Nc3 e6 5. Bg5 Nbd7 6. e3 h6 7. Bh4 Be7 8. Qc2
O-O 9. Rc1 b6 10. Bd3 Bb7 11. O-O dxc4 12. Bxc4 Nd5 13. Bg3 N7f6 14. e4 Nxc3
15. bxc3 c5 16. e5 Nh5 17. Rfd1 Nxg3 18. hxg3 Qc7 19. d5 exd5 20. Bxd5 c4 21.
Qf5 Rad8 22. e6 Rxd5 23. Rxd5 Bxd5 24. Qxd5 Bf6 25. Nd4 Rd8 26. Qc6 Qxc6 27.
Nxc6 Re8 28. exf7+ Kxf7 29. Nxa7 Ra8 30. Nb5 Be7 31. Rc2 Bc5 32. Kf1 Ke7 33.
Rd2 Ra5 34. Nd4 Bxd4 35. Rxd4 Rxa2 36. Rxc4 Kd6 37. Ke1 b5 38. Rc8 Rc2 39. Rb8
Kc5 40. Rc8+ Kd5 41. Kf1 1/2-1/2

[Event "2015 British Chess Championships: Championship"]
[Site "University of Warwick, Coventry, Warwickshire"]
[Date "2015.08.05"]
[Round "9"]
[Board "34"]
[White "Lentzos, Ioanis"]
[Black "Edge, John"]
[Result "1/2-1/2"]
[WhiteElo "2019"]
[BlackElo "2080"]
[PlyCount "100"]
[EventDate "2015.07.27"]
[EventRounds "11"]
[EventCountry "ENG"]

1. e4 c5 2. Nf3 Nf6 3. e5 Nd5 4. c4 Nc7 5. b3 g6 6. Bb2 Bg7 7. Qc2 Nc6 8. a3
Ne6 9. h4 h5 10. b4 d6 11. exd6 Ned4 12. Nxd4 Nxd4 13. Bxd4 Bxd4 14. Nc3 Qxd6
15. Be2 Bf5 16. Qa4+ Bd7 17. Qc2 Bf5 18. Qa4+ Bd7 19. Qb3 Bc6 20. b5 Bxg2 21.
Rg1 Qh2 22. O-O-O Bxf2 23. Rxg2 Qxg2 24. Nd5 Qg3 25. Bf3 Bd4 26. b6 O-O 27.
Nxe7+ Kh7 28. Qd3 axb6 29. Kc2 Qe5 30. Nd5 Bb2 31. Bxh5 Rxa3 32. Qf1 gxh5 33.
Re1 Qg7 34. Ne7 f5 35. Qe2 Qh6 36. Kxb2 Rg3 37. Qf2 Rg7 38. Nd5 Qg6 39. Nf4
Qf6+ 40. Kb3 Qh6 41. Ne6 Rgf7 42. Nxf8+ Qxf8 43. Re5 Qd8 44. Rd5 Qf6 45. Qf4
Qh6 46. Qe5 Qg6 47. Rd8 Qf6 48. Qe8 Qg7 49. Rd7 Rxd7 50. Qxh5+ Kg8 1/2-1/2

[Event "2015 British Chess Championships: Championship"]
[Site "University of Warwick, Coventry, Warwickshire"]
[Date "2015.08.05"]
[Round "9"]
[Board "35"]
[White "Myall, Ivan J"]
[Black "Rice, Chris B"]
[Result "1-0"]
[WhiteElo "2048"]
[BlackElo "2015"]
[PlyCount "55"]
[EventDate "2015.07.27"]
[EventRounds "11"]
[EventCountry "ENG"]

1. e4 e6 2. d4 d5 3. e5 c5 4. c3 Nc6 5. Nf3 Bd7 6. Be2 Qb6 7. O-O cxd4 8. cxd4
Nge7 9. Nc3 Nf5 10. Na4 Qd8 11. a3 a5 12. Bg5 f6 13. Bf4 fxe5 14. Nxe5 Nxe5 15.
Bxe5 Bd6 16. Bh5+ Ke7 17. Bxd6+ Kxd6 18. Nc5 Bc8 19. Bg4 b6 20. Bxf5 exf5 21.
Nd3 Qf6 22. Ne5 Ba6 23. Re1 Rac8 24. Qd2 Kc7 25. b4 a4 26. Qc2+ Bc4 27. Qxa4
Ra8 28. Qd7+ 1-0

[Event "2015 British Chess Championships: Championship"]
[Site "University of Warwick, Coventry, Warwickshire"]
[Date "2015.08.05"]
[Round "9"]
[Board "36"]
[White "Garnett, John S"]
[Black "Page, Mark E"]
[Result "1/2-1/2"]
[WhiteElo "1984"]
[BlackElo "2096"]
[PlyCount "129"]
[EventDate "2015.07.27"]
[EventRounds "11"]
[EventCountry "ENG"]

1. d4 g6 2. Nf3 Bg7 3. g3 d6 4. Bg2 Nf6 5. O-O O-O 6. c4 Nc6 7. Nc3 a6 8. b3
Rb8 9. a4 a5 10. Bb2 Nd7 11. e3 e5 12. dxe5 Ndxe5 13. Nxe5 Nxe5 14. Qc2 Bf5 15.
e4 Bd7 16. Rad1 f5 17. Qc1 fxe4 18. Nxe4 Nf3+ 19. Kh1 Bxb2 20. Qxb2 Qe7 21. Qe2
Bc6 22. Nc3 Qxe2 23. Nxe2 Rbe8 24. Nf4 Re5 25. Rd3 Ne1 26. Bd5+ Bxd5+ 27. Rxd5
Rfe8 28. Rxe5 Rxe5 29. Nd5 c6 30. Ne3 Nd3 31. Kg2 Nc5 32. Rb1 Kf7 33. Kf3 Ke7
34. h4 Kd7 35. Ke2 Kc7 36. f4 Re8 37. Kf3 Ne4 38. Nf1 Nc5 39. Nd2 Re7 40. Rc1
Kd7 41. Rb1 Kc7 42. Rc1 Ne6 43. Rc3 h5 44. Rd3 Nc5 45. Re3 Kd7 46. Rxe7+ Kxe7
47. g4 hxg4+ 48. Kxg4 Kf6 49. Kg3 Kf5 50. Kf3 d5 51. cxd5 cxd5 52. Ke3 Ne6 53.
Nf3 Nxf4 54. Kd4 Kg4 55. Ne5+ Kxh4 56. Nxg6+ Nxg6 57. Kxd5 Ne7+ 58. Kc5 Kg5 59.
Kb6 Nc6 60. Kxb7 Nd4 61. Kb6 Nxb3 62. Kb5 Kf5 63. Kc4 Nd2+ 64. Kb5 Nb3 65. Kc4
 1/2-1/2

[Event "2015 British Chess Championships: Championship"]
[Site "University of Warwick, Coventry, Warwickshire"]
[Date "2015.08.06"]
[Round "10"]
[Board "1"]
[White "Arkell, Keith C"]
[Black "Pert, Nicholas"]
[Result "1/2-1/2"]
[WhiteElo "2502"]
[BlackElo "2562"]
[PlyCount "36"]
[EventDate "2015.07.27"]
[EventRounds "11"]
[EventCountry "ENG"]

1. d4 Nf6 2. Nf3 e6 3. c3 c5 4. Bg5 d5 5. e3 h6 6. Bh4 Nbd7 7. Nbd2 Bd6 8. Bd3
O-O 9. O-O b6 10. Bg3 Bxg3 11. hxg3 Bb7 12. Qe2 Qc7 13. Ba6 Bxa6 14. Qxa6 Rab8
15. a4 Qc8 16. Qxc8 Rfxc8 17. Rfe1 Kf8 18. Kf1 Ke7 1/2-1/2

[Event "2015 British Chess Championships: Championship"]
[Site "University of Warwick, Coventry, Warwickshire"]
[Date "2015.08.06"]
[Round "10"]
[Board "2"]
[White "Gormally, Daniel W"]
[Black "Pert, Richard G"]
[Result "1/2-1/2"]
[WhiteElo "2484"]
[BlackElo "2440"]
[PlyCount "25"]
[EventDate "2015.07.27"]
[EventRounds "11"]
[EventCountry "ENG"]

1. e4 e6 2. d4 d5 3. Nd2 Nf6 4. e5 Nfd7 5. Bd3 c5 6. c3 Nc6 7. Ne2 cxd4 8. cxd4
f6 9. exf6 Nxf6 10. Nf3 Bd6 11. O-O Qc7 12. Bg5 O-O 13. Qc2 1/2-1/2

[Event "2015 British Chess Championships: Championship"]
[Site "University of Warwick, Coventry, Warwickshire"]
[Date "2015.08.06"]
[Round "10"]
[Board "3"]
[White "Flear, Glenn C"]
[Black "Howell, David W L"]
[Result "0-1"]
[WhiteElo "2450"]
[BlackElo "2698"]
[PlyCount "126"]
[EventDate "2015.07.27"]
[EventRounds "11"]
[EventCountry "ENG"]

1. d4 Nf6 2. c4 e6 3. Nf3 b6 4. e3 Bb7 5. Bd3 d5 6. O-O Nbd7 7. b3 Bd6 8. Bb2
O-O 9. Nc3 a6 10. Rc1 Qe7 11. Na4 Rad8 12. Qe2 dxc4 13. bxc4 Ne4 14. Rfd1 f5
15. c5 bxc5 16. Bxa6 Bxa6 17. Qxa6 cxd4 18. exd4 Ra8 19. Qc6 Ndf6 20. a3 Qd7
21. Qxd7 Nxd7 22. Nc3 Rfb8 23. Ba1 Bxa3 24. Rc2 Nxc3 25. Bxc3 Nf6 26. Ng5 Rb6
27. Re1 Nd5 28. Bd2 Re8 29. g3 h6 30. Nf3 Bd6 31. h4 Kf7 32. Kg2 Ra8 33. Rec1
Kf6 34. Rc4 Ra2 35. R1c2 Rbb2 36. Rxb2 Rxb2 37. Rc6 Ra2 38. Rc1 Ke7 39. Rb1 Ra8
40. Kf1 Kd7 41. Ke2 Ra2 42. Kd3 Nf6 43. Be3 Ng4 44. Nd2 g5 45. hxg5 hxg5 46.
Rg1 Be7 47. Nc4 Nxf2+ 48. Bxf2 Rxf2 49. Ne5+ Kc8 50. g4 Bf6 51. Nf7 Kd7 52.
gxf5 Rxf5 53. Rg4 Ke7 54. Nh6 Rf3+ 55. Ke4 Rh3 56. Ng8+ Kf7 57. Nxf6 Kxf6 58.
Rg1 Rh4+ 59. Ke3 Rh3+ 60. Ke4 Rh4+ 61. Kd3 Rh7 62. Ke4 Rg7 63. Rg4 Rg8 0-1

[Event "2015 British Chess Championships: Championship"]
[Site "University of Warwick, Coventry, Warwickshire"]
[Date "2015.08.06"]
[Round "10"]
[Board "4"]
[White "Williams, Simon K"]
[Black "Hawkins, Jonathan"]
[Result "0-1"]
[WhiteElo "2426"]
[BlackElo "2554"]
[PlyCount "96"]
[EventDate "2015.07.27"]
[EventRounds "11"]
[EventCountry "ENG"]

1. d4 d5 2. Bf4 Nf6 3. e3 c5 4. Nc3 cxd4 5. exd4 a6 6. Nf3 Nc6 7. h3 g6 8. Be2
Bg7 9. O-O O-O 10. Ne5 Qb6 11. Nxc6 bxc6 12. Na4 Qa7 13. Be5 Ne4 14. Bxg7 Kxg7
15. c3 a5 16. Re1 e5 17. Bf1 Re8 18. Re3 f5 19. dxe5 Nxf2 20. Qd4 Ne4 21. e6+
Qxd4 22. cxd4 Rb8 23. Rb3 Rxb3 24. axb3 Bxe6 25. Rc1 Bf7 26. Rxc6 Nd2 27. Bb5
Rb8 28. Rb6 Rxb6 29. Nxb6 Nxb3 30. Bc6 Nxd4 31. Bxd5 Bxd5 32. Nxd5 Kf7 33. Kf2
Nc6 34. Ke3 Ke6 35. Nf4+ Ke5 36. h4 Nb4 37. Ne2 a4 38. g3 Nd5+ 39. Kf3 Nb6 40.
Nc3 Kd4 41. g4 fxg4+ 42. Kxg4 h6 43. Kf3 Kd3 44. Kf4 a3 45. bxa3 Kxc3 46. Ke5
Nd7+ 47. Ke6 Kb3 48. Kf7 g5 0-1

[Event "2015 British Chess Championships: Championship"]
[Site "University of Warwick, Coventry, Warwickshire"]
[Date "2015.08.06"]
[Round "10"]
[Board "5"]
[White "Emms, John M"]
[Black "Hebden, Mark L"]
[Result "0-1"]
[WhiteElo "2460"]
[BlackElo "2500"]
[PlyCount "127"]
[EventDate "2015.07.27"]
[EventRounds "11"]
[EventCountry "ENG"]

1. e4 e5 2. Nf3 Nc6 3. Bb5 a6 4. Ba4 Nf6 5. O-O Be7 6. d3 d6 7. c3 O-O 8. Re1
b5 9. Bc2 h6 10. Nbd2 Nh7 11. d4 Bd7 12. h3 Ng5 13. Nxg5 Bxg5 14. Nf3 Bxc1 15.
Qxc1 Qf6 16. Qe3 Rfe8 17. Rad1 Re7 18. dxe5 dxe5 19. Rd5 Rae8 20. Red1 Be6 21.
Rc5 Na5 22. b3 Bc8 23. Rcd5 Nb7 24. c4 b4 25. c5 c6 26. R5d2 Qf4 27. Qxf4 exf4
28. Rd4 a5 29. e5 Nxc5 30. Rc4 Ne6 31. Be4 c5 32. Bf5 Bb7 33. Bxe6 Rxe6 34.
Rxf4 Bxf3 35. Rxf3 Rxe5 36. Rd7 Re1+ 37. Kh2 R1e7 38. Rd5 Rc7 39. Re3 Rxe3 40.
fxe3 a4 41. Kg3 Kf8 42. Kf3 c4 43. bxc4 Rxc4 44. Rd7 Rc2 45. Rd4 Rb2 46. a3
bxa3 47. Rxa4 a2 48. Ra7 Ke8 49. g4 Kd8 50. h4 Kc8 51. g5 h5 52. Kf4 Kb8 53.
Ra3 Kc7 54. e4 Kb6 55. g6 f6 56. e5 fxe5+ 57. Kf5 Kc5 58. Kxe5 Re2+ 59. Kf5 Kb4
60. Ra7 Kb3 61. Rb7+ Kc2 62. Ra7 Kb1 63. Rb7+ Rb2 64. Ke5 0-1

[Event "2015 British Chess Championships: Championship"]
[Site "University of Warwick, Coventry, Warwickshire"]
[Date "2015.08.06"]
[Round "10"]
[Board "6"]
[White "Jackson, James P"]
[Black "Ward, Chris G"]
[Result "1/2-1/2"]
[WhiteElo "2343"]
[BlackElo "2423"]
[PlyCount "115"]
[EventDate "2015.07.27"]
[EventRounds "11"]
[EventCountry "ENG"]

1. e4 e6 2. d4 d5 3. Nc3 Bb4 4. e5 c5 5. a3 Bxc3+ 6. bxc3 Qa5 7. Bd2 Qa4 8. Qg4
g6 9. Nf3 c4 10. Be2 Nc6 11. Ra2 h6 12. O-O Bd7 13. h4 O-O-O 14. h5 g5 15. Nh2
f5 16. exf6 Nxf6 17. Qf3 Ne4 18. Be1 e5 19. dxe5 Nxe5 20. Qe3 Rhe8 21. Bd1 Qa5
22. a4 Qc5 23. Qxc5+ Nxc5 24. f4 gxf4 25. Bh4 Rf8 26. Bxd8 Kxd8 27. Re1 Ne4 28.
Ra3 Rg8 29. Bf3 Bc6 30. Raa1 Kc7 31. a5 Kd6 32. Rad1 Kc5 33. Rd4 Rg5 34. Kf1
Ng3+ 35. Kf2 Ne4+ 36. Kf1 Nxf3 37. gxf3 Nxc3 38. Rxf4 Rxh5 39. Kg2 Rg5+ 40. Kf2
h5 41. Nf1 Kb5 42. Ra1 a6 43. Rh4 Na4 44. Ng3 Kxa5 45. Nxh5 Kb4 46. Ng3 Nc3 47.
Re1 a5 48. Rg4 Rxg4 49. fxg4 Ne4+ 50. Nxe4 dxe4 51. g5 a4 52. g6 a3 53. Rd1 Be8
54. g7 Bf7 55. Rb1+ Kc3 56. Rxb7 Bg8 57. Rb8 Be6 58. Re8 1/2-1/2

[Event "2015 British Chess Championships: Championship"]
[Site "University of Warwick, Coventry, Warwickshire"]
[Date "2015.08.06"]
[Round "10"]
[Board "7"]
[White "Cooper, John G"]
[Black "Summerscale, Aaron P"]
[Result "0-1"]
[WhiteElo "2313"]
[BlackElo "2416"]
[PlyCount "106"]
[EventDate "2015.07.27"]
[EventRounds "11"]
[EventCountry "ENG"]

1. Nf3 d6 2. d4 Bg4 3. e4 Nf6 4. Nc3 c6 5. h3 Bh5 6. Qe2 e6 7. g4 Bg6 8. h4 h5
9. g5 Nfd7 10. Bh3 Be7 11. Bf4 O-O 12. O-O-O b5 13. Rhe1 Qa5 14. a3 b4 15. axb4
Qxb4 16. Bf5 Nb6 17. Nd2 Na4 18. Nxa4 Qxa4 19. Qc4 Qa1+ 20. Nb1 d5 21. Qe2 Na6
22. Bxg6 fxg6 23. exd5 Bb4 24. Qxe6+ Kh7 25. Re4 Ba5 26. c3 Nc7 27. Qxc6 Rab8
28. Rd2 Bxc3 29. Qxc3 Nxd5 30. Qa3 Rbc8+ 31. Rc2 Rxc2+ 32. Kxc2 Rc8+ 33. Nc3
Rxc3+ 34. Qxc3 Nxc3 35. Kxc3 Qh1 36. Re7 Qf3+ 37. Be3 a5 38. Re5 Qh1 39. d5
Qxh4 40. Bd4 Qh3+ 41. Kc4 Qc8+ 42. Kd3 Qd7 43. d6 Qxd6 44. Rxa5 Qf4 45. Ra7 Kg8
46. Rxg7+ Kf8 47. b4 Qxg5 48. Kc4 Qc1+ 49. Kd5 Qb1 50. Rh7 g5 51. Ra7 h4 52.
Ke6 Qb3+ 53. Kf6 Ke8 0-1

[Event "2015 British Chess Championships: Championship"]
[Site "University of Warwick, Coventry, Warwickshire"]
[Date "2015.08.06"]
[Round "10"]
[Board "8"]
[White "Scott, Gordon W"]
[Black "Batchelor, Peter J"]
[Result "1/2-1/2"]
[WhiteElo "2101"]
[BlackElo "2304"]
[PlyCount "165"]
[EventDate "2015.07.27"]
[EventRounds "11"]
[EventCountry "ENG"]

1. d4 Nf6 2. c4 e6 3. g3 d5 4. Nf3 dxc4 5. Bg2 Bb4+ 6. Bd2 c5 7. Bxb4 cxb4 8.
Ne5 O-O 9. Nxc4 Nc6 10. e3 e5 11. d5 b5 12. O-O bxc4 13. dxc6 Qb6 14. Nd2 Ba6
15. Qc2 c3 16. bxc3 Bxf1 17. Rxf1 a5 18. cxb4 axb4 19. Rc1 Qc7 20. Qb2 Rfb8 21.
Nc4 Rb5 22. Rd1 e4 23. Nd6 Rd8 24. Qc2 Rb6 25. Nxe4 Rxd1+ 26. Qxd1 Rxc6 27.
Nxf6+ Rxf6 28. Qa4 Qc5 29. Qe8+ Qf8 30. Qxf8+ Kxf8 31. Bd5 Rf5 32. Bb3 Rc5 33.
f4 Ke7 34. h4 f6 35. Kg2 Rc1 36. Kf3 h6 37. Kg4 Rf1 38. Bc4 Rf2 39. h5 Rc2 40.
Bd5 Rc3 41. Kf3 Rc5 42. Ke4 Kd6 43. Bf7 f5+ 44. Kf3 Rc3 45. Bb3 Kc5 46. Kf2 Kb5
47. Ke2 Rc1 48. Kf2 Rh1 49. Kg2 Rb1 50. Kf3 Kc5 51. Bf7 Rb2 52. Bb3 Rh2 53. Bf7
Kb5 54. Bb3 Ka5 55. Bf7 Ka4 56. e4 fxe4+ 57. Kxe4 Rg2 58. Kf3 Rg1 59. g4 Ka3
60. Be6 Rf1+ 61. Kg3 Kb2 62. g5 Kc3 63. gxh6 gxh6 64. Kg4 Kd4 65. Kf5 Ke3 66.
Kg6 Kxf4 67. Kxh6 Ke5 68. Bb3 Kf6 69. Bc4 Rf5 70. Bg8 Ra5 71. Bc4 Ra7 72. Bd5
Rc7 73. Bb3 Rc8 74. Kh7 Rd8 75. Bc4 Rb8 76. Bb3 Rf8 77. Bg8 Kg5 78. Kg7 Rf6 79.
Bf7 Ra6 80. Kh7 Rxa2 81. Bxa2 Kxh5 82. Kg7 b3 83. Bxb3 1/2-1/2

[Event "2015 British Chess Championships: Championship"]
[Site "University of Warwick, Coventry, Warwickshire"]
[Date "2015.08.06"]
[Round "10"]
[Board "9"]
[White "Rudd, Jack"]
[Black "Kalaiyalahan, Akshaya"]
[Result "1/2-1/2"]
[WhiteElo "2247"]
[BlackElo "1999"]
[PlyCount "99"]
[EventDate "2015.07.27"]
[EventRounds "11"]
[EventCountry "ENG"]

1. d4 Nf6 2. c4 g6 3. Nc3 Bg7 4. e4 d6 5. Nf3 O-O 6. Be2 e5 7. O-O Nc6 8. d5
Ne7 9. Ne1 Ne8 10. Be3 f5 11. f3 f4 12. Bf2 h5 13. c5 g5 14. Rc1 Ng6 15. Nd3
Bh6 16. cxd6 cxd6 17. Nb5 Bd7 18. Qb3 g4 19. Nxa7 g3 20. Qxb7 gxf2+ 21. Rxf2
Rf7 22. Nc6 Bxc6 23. Qxc6 Rc7 24. Qb5 Rb8 25. Qxe8+ Qxe8 26. Rxc7 Qd8 27. Rc2
Ra8 28. b4 Qb6 29. Rc6 Qe3 30. Rxd6 Rxa2 31. Rxg6+ Kh7 32. Rxh6+ Kxh6 33. Bf1
Ra1 34. Nc5 Qd4 35. g3 fxg3 36. hxg3 Qxb4 37. Ne6 Qe1 38. Kg2 Rd1 39. Kg1 h4
40. gxh4 Kh5 41. d6 Rxd6 42. Ng7+ Kg6 43. Nf5 Rf6 44. Rg2+ Kf7 45. h5 Rxf5 46.
exf5 Qe3+ 47. Rf2 Qg5+ 48. Bg2 Qxf5 49. Re2 Qxh5 50. Re4 1/2-1/2